000 00499nam a2200193Ia 4500
008 100315s9999 xx 000 0 und d
020 _a0-330-23153-7 
082 _b530 
_a658.85 
100 _a"MAGNUS, R. G. HANNAFORD "
245 _aSELLING AND SALESMANSHIP
260 _aCDONALD 
_bMACDONALD  
_c
300 _a141P 
365 _d
_b0.00 
366 _f
530 _b-  
630 _aSELLING AND SALESMANSHIP
730 _aSELLING AND SALESMANSHIP
942 _cBOOK
999 _c475265
_d475262